Adams and another v Rhymney Valley DC (Record no. 65027)
[ view plain ]
| 000 -LEADER | |
|---|---|
| fixed length control field | 01202cam a2200229 4500 |
| 001 - CONTROL NUMBER | |
| control field | ABS63043 |
| 008 - FIXED-LENGTH DATA ELEMENTS--GENERAL INFORMATION | |
| fixed length control field | 000000n2000 000 0 eng u |
| 035 ## - SYSTEM CONTROL NUMBER | |
| System control number | (Sirsi) u108918 |
| 245 ## - TITLE STATEMENT | |
| Title | Adams and another v Rhymney Valley DC |
| 260 ## - PUBLICATION, DISTRIBUTION, ETC. | |
| Date of publication, distribution, etc. | 2000 |
| 490 ## - SERIES STATEMENT | |
| Series statement | Estates Gazette |
| Volume/sequential designation | [2000] 39 EG 144-152(9) |
| 520 ## - SUMMARY, ETC. | |
| Summary, etc. | CA 20 July 2000. A were tenants of a terraced house owned by the council (R). Before A became tenants R replaced windows in the property with units operated by removable keys. In October 1991 the property caught fire. The windows were locked and the keys were in the kitchen. Three children sleeping on the first floor died in the fire. A claimed damages from C for negligence and breach of statutory duty. Held there had been no breach of duty by C, as the decision to provide a lock with a removable key was one that a competent designer would have made at the time the windows were installed. |
| 590 ## - LOCAL NOTE (RLIN) | |
| Local note | ABS |
| 650 ## - SUBJECT ADDED ENTRY--TOPICAL TERM | |
| Topical term or geographic name entry element | ADAMS AND ANOTHER V RHYMNEY VALLEY DC |
| 650 ## - SUBJECT ADDED ENTRY--TOPICAL TERM | |
| Topical term or geographic name entry element | NEGLIGENCE |
| 650 ## - SUBJECT ADDED ENTRY--TOPICAL TERM | |
| Topical term or geographic name entry element | BREACH OF STATUTORY DUTY |
| 650 ## - SUBJECT ADDED ENTRY--TOPICAL TERM | |
| Topical term or geographic name entry element | LOCKABLE WINDOWS |
| 650 ## - SUBJECT ADDED ENTRY--TOPICAL TERM | |
| Topical term or geographic name entry element | REMOVABLE KEYS |
| 650 ## - SUBJECT ADDED ENTRY--TOPICAL TERM | |
| Topical term or geographic name entry element | FIRE |
| 690 ## - LOCAL SUBJECT ADDED ENTRY--TOPICAL TERM (OCLC, RLIN) | |
| Topical term or geographic name as entry element | LANDLORD AND TENANT-CASE LAW |
| 942 ## - ADDED ENTRY ELEMENTS (KOHA) | |
| Suppress in OPAC | 0 |
| Withdrawn status | Lost status | Source of classification or shelving scheme | Damaged status | Not for loan | Home library | Current library | Shelving location | Date acquired | Total Checkouts | Barcode | Date last seen | Copy number | Price effective from | Koha item type |
|---|---|---|---|---|---|---|---|---|---|---|---|---|---|---|
| Dewey Decimal Classification | London | London | Journal article | 24/10/2000 | 108918-1001 | 06/08/2019 | 1 | 06/08/2019 | Law report |